| 000 | 00703nam a2200229Ia 4500 | ||
|---|---|---|---|
| 003 | GCL | ||
| 008 | 140319s9999 xx 000 0 ara d | ||
| 040 |
_aGCL / _cGCL |
||
| 082 | 0 | 4 |
_a842.051 _bج ب |
| 100 | 1 | _aانوى، جان | |
| 245 | 1 | 0 |
_aبيكيت او شرف اللة / _cانوى، جان |
| 700 | 1 | _aسعد مكاوى | |
| 700 | 1 | _aسامية احمد اسعد | |
| 300 | _a228 ص | ||
| 490 |
_aمسرحيات عالمية _v0 |
||
| 650 | 0 | 4 | _aالمسرح الفرنسى |
| 650 | 0 | 4 | _aالادب الفرنسى |
| 650 | 0 | 4 | _aالمسرح الفرنسى المترجم |
| 650 | 0 | 4 | _aجان انوى |
| 650 | 0 | 4 | _aالمسرح الفرنسى - تاريخ ونقد |
| 942 |
_2ddc _cBK |
||
| 999 |
_c38409 _d38409 |
||